| 000 | 00597nam a22001937a 4500 | ||
|---|---|---|---|
| 999 |
_c9144 _d9144 |
||
| 003 | AR-CdUCM | ||
| 008 | 190327b ||||| |||| 00| 0 spa d | ||
| 020 | _a978-612-309-064-7 | ||
| 040 |
_aMUNICIPALIDAD PROVINCIAL DEL CUSCO _cBIBLIOTECA MUNICIPAL DEL CUSCO |
||
| 082 |
_aSI-0043 / _bSAN / aso |
||
| 100 |
_aSánchez Zúñiga, Flor _925179 |
||
| 245 | _aEl asombroso circo de Primorosa / | ||
| 260 |
_aLima : _bSantillana. _c2015. |
||
| 300 |
_a35 páginas ; _bIlustraciones _c22.5 cm. |
||
| 650 |
_aCuentos infantiles _93927 |
||
| 650 |
_aSiglo XXI _92856 |
||
| 942 |
_2ddc _cLIBROS |
||
| 945 | _aafb | ||